Random Words in Russian #2 - Statistics

General Stats
  • This quiz has been taken 140 times
  • The average score is 5 of 17
Answer Stats
Russian Transliteration English % Correct
Компютер Kompyuter Computer
91%
Бандит Bandit Bandit
65%
Понять Ponyat' Understand
51%
Опасно Opasno Dangerous
46%
Тупой Tupoy Stupid
43%
Брать Brat' Take
39%
Заказывать Zakazyvat' Order
36%
Суд Sud Court
30%
Собирать Sobirat' Collect
27%
Охота Okhota Hunt
24%
Модно Modno Fashionable
23%
Безумный Bezumniy Mad
21%
Пережить Perezhit' Survive
19%
Подниматься Podnimat'sya Climb
10%
Шикарный Shikarniy Chic
7%
Солярний Solyarniy Solarium
7%
Куда-нибудь Kuda-nibud' Ever
4%
No matching quizzes found
Score Distribution
Percent of People with Each Score
Percentile by Number Answered
Your Score History
You have not taken this quiz